| 000 | 00542nam a2200181Ia 4500 | ||
|---|---|---|---|
| 003 | OSt | ||
| 005 | 20250115093734.0 | ||
| 008 | 210210b1947 xxu||||| |||| 00| 0 eng d | ||
| 040 | _cAL | ||
| 041 | _akan | ||
| 082 | _a853/491 | ||
| 100 |
_aSHRINIVASAMURTI (M R) _9162019 _dಶ್ರೀನಿವಾಸಮೂರ್ತಿ (ಎಂ ಆರ್) |
||
| 245 |
_aDharma duranta: _bಧರ್ಮ ದುರಂತ |
||
| 260 |
_aBengaluru _bSatyashodhana Prakatana Mandira _c1947 |
||
| 690 |
_aKannada Drama _9162020 |
||
| 906 | _a019765 | ||
| 942 |
_2ddc _cBK |
||
| 999 |
_c143907 _d143907 |
||